[Event "Titled Tue 3rd Jan Late"]
[Site "chess.com INT"]
[Date "2025.06.03"]
[Round "4"]
[White "Yue, Tariq"]
[Black "Ersoz, Teoman Guney"]
[Result "0-1"]
[WhiteTitle "CM"]
[BlackTitle "CM"]
[WhiteElo "2192"]
[BlackElo "2090"]
[WhiteFideId "30975182"]
[BlackFideId "44537050"]
[EventDate "2025.06.03"]

1. Nf3 c5 2. b3 d5 3. e3 Nf6 4. Bb2 Nc6 5. Bb5 g6 6. Ne5 Qc7 7. Nxc6 bxc6 8. Be2
Bg7 9. O-O Ng4 10. Bxg4 Bxb2 11. Bxc8 Rxc8 12. c3 Bxa1 13. Qc2 Qa5 14. a4 O-O
15. Na3 Bxc3 16. dxc3 Rb8 17. Rb1 Rb7 18. e4 Rfb8 19. exd5 cxd5 20. h3 e6 21.
Rb2 a6 22. Rb1 Qc7 23. Qa2 Rb6 24. Nc2 Qb7 25. Na1 d4 26. a5 Rb5 27. c4 Rb4 28.
Kf1 Rxc4 29. Re1 Rc3 30. Kg1 d3 31. Qd2 Rxb3 32. Nxb3 Qxb3 33. Rc1 c4 34. Qf4
Rc8 35. Qd4 Qb5 36. Qc3 Qd5 37. Qd2 c3 38. Rxc3 Rxc3 39. Qxc3 d2 0-1

[Event "Titled Tue 3rd Jan Late"]
[Site "chess.com INT"]
[Date "2025.06.03"]
[Round "4"]
[White "Paravyan, David"]
[Black "Bukreev, Stanislav"]
[Result "1-0"]
[WhiteTitle "GM"]
[BlackTitle "FM"]
[WhiteElo "2596"]
[BlackElo "2328"]
[WhiteFideId "4194985"]
[BlackFideId "34252347"]
[EventDate "2025.06.03"]

1. c4 e6 2. Nc3 d5 3. d4 Nf6 4. cxd5 Nxd5 5. e3 c5 6. Bd3 cxd4 7. exd4 Nxc3 8.
bxc3 Qc7 9. Ne2 Bd6 10. O-O Bxh2+ 11. Kh1 Bd6 12. c4 b6 13. Rb1 O-O 14. c5 bxc5
15. Be4 Nc6 16. dxc5 Be5 17. f4 Bf6 18. Ng3 Ba6 19. Nh5 Be7 20. Nxg7 Kxg7 21.
Qg4+ Kh8 22. Bxh7 Bxf1 23. Qh5 Be2 24. Qh6 Bg5 25. fxg5 Qh2+ 26. Kxh2 1-0

[Event "Titled Tue 3rd Jan Late"]
[Site "chess.com INT"]
[Date "2025.06.03"]
[Round "4"]
[White "Metin, Enis"]
[Black "Terry, Renato"]
[Result "0-1"]
[BlackTitle "IM"]
[WhiteElo "2169"]
[BlackElo "2508"]
[WhiteFideId "26306948"]
[BlackFideId "3803457"]
[EventDate "2025.06.03"]

1. e4 e6 2. d4 d5 3. e5 c5 4. c3 Qb6 5. Nf3 Bd7 6. Be2 cxd4 7. Nxd4 Nc6 8. Nxc6
bxc6 9. O-O c5 10. Nd2 Ne7 11. Rb1 a5 12. Nf3 Bc6 13. b3 Ng6 14. Be3 Qc7 15. b4
axb4 16. cxb4 cxb4 17. Rc1 Qb7 18. Rxc6 Qxc6 19. Nd4 Qc3 20. Bb5+ Kd8 21. Nc6+
Kc7 22. Qf3 f5 23. Rc1 Qb2 24. Nd4+ Kb8 25. Nxe6 Ne7 26. Bb6 Rxa2 27. Qd1 Nc8
28. Bc7+ Ka7 0-1

[Event "Titled Tue 3rd Jan Late"]
[Site "chess.com INT"]
[Date "2025.06.03"]
[Round "4"]
[White "Garg, Priyansh"]
[Black "Belov, Alexei"]
[Result "0-1"]
[BlackTitle "IM"]
[WhiteElo "2102"]
[BlackElo "2421"]
[WhiteFideId "30984696"]
[BlackFideId "4128206"]
[EventDate "2025.06.03"]

1. d4 d5 2. Nc3 e6 3. Bf4 Bd6 4. e3 Bxf4 5. exf4 Ne7 6. Nf3 b6 7. g3 h6 8. Bg2
Ba6 9. Ne5 c5 10. Ne2 Nbc6 11. c3 cxd4 12. Nxd4 Nxe5 13. Qa4+ Qd7 14. Qxa6 N5c6
15. O-O Nxd4 16. cxd4 O-O 17. Rfc1 Rfc8 18. Bf1 Rc7 19. Bb5 Qd6 20. Rc3 Rac8 21.
Rac1 g6 22. a4 Kg7 23. a5 Nf5 24. axb6 axb6 25. Qxc8 Rxc8 26. Rxc8 Nxd4 27. Bf1
e5 28. Rd1 Nf3+ 29. Kg2 exf4 30. Kxf3 Qe6 31. Rc3 Qe4+ 32. Kg4 f3+ 33. Kh3 h5
34. Bd3 Qg4# 0-1

[Event "Titled Tue 3rd Jan Late"]
[Site "chess.com INT"]
[Date "2025.06.03"]
[Round "4"]
[White "Kaczur, Florian"]
[Black "Novosel, Lovro"]
[Result "1-0"]
[WhiteTitle "IM"]
[BlackTitle "FM"]
[WhiteElo "2500"]
[BlackElo "2346"]
[WhiteFideId "705098"]
[BlackFideId "14547120"]
[EventDate "2025.06.03"]

1. e4 c5 2. a4 d6 3. Bb5+ Bd7 4. d3 Nf6 5. f4 g6 6. b3 Bg7 7. Bb2 O-O 8. Bxd7
Qxd7 9. Nf3 Nc6 10. O-O e6 11. Qe2 d5 12. Bxf6 Bxf6 13. e5 Bg7 14. Qf2 Rac8 15.
Nbd2 b6 16. c3 Rc7 17. Rae1 Na5 18. g4 c4 19. b4 Nb3 20. d4 Nxd2 21. Qxd2 Qxa4
22. f5 Re8 23. f6 Bf8 24. h4 a5 25. Ra1 Qb5 26. bxa5 bxa5 27. Rfb1 Qa6 28. h5 a4
29. Qh2 Rb7 30. hxg6 fxg6 31. Rxb7 Qxb7 32. Ng5 Re7 33. fxe7 Qxe7 34. Nf3 a3 35.
Qf4 Bg7 36. Qc1 Bf8 37. Kg2 Qb7 38. Rxa3 Bxa3 39. Qxa3 Qb1 40. Qe7 Qc2+ 41. Kg3
Qxc3 42. Qxe6+ Kg7 43. Qf6+ Kg8 44. e6 Qxd4 1-0

[Event "Titled Tue 3rd Jan Late"]
[Site "chess.com INT"]
[Date "2025.06.03"]
[Round "4"]
[White "Ugarte Soto, Cesar"]
[Black "Garcia Almaguer, Juan Manuel"]
[Result "0-1"]
[WhiteTitle "CM"]
[BlackTitle "CM"]
[WhiteElo "2088"]
[BlackElo "2142"]
[WhiteFideId "3601331"]
[BlackFideId "5110491"]
[EventDate "2025.06.03"]

1. d4 d5 2. Bf4 e6 3. Nf3 Nf6 4. e3 Bd6 5. Bg3 O-O 6. Ne5 Nbd7 7. Nd2 Qe7 8. f4
Ne4 9. Bd3 f6 10. Nxd7 Bxd7 11. Nxe4 dxe4 12. Bxe4 c5 13. O-O cxd4 14. exd4 Rad8
15. Qe2 a6 16. c3 Rc8 17. Rae1 Rfe8 18. Bd3 Qf7 19. Qe4 f5 20. Qe2 b5 21. a3 Bc6
22. Bh4 Bd5 23. Qf2 Qh5 24. Be2 Qh6 25. Bg5 Qg6 26. Qh4 Qf7 27. Bh5 g6 28. Be2
Bf8 29. Bf3 Bc4 30. Rf2 a5 31. Be2 b4 32. Bxc4 Rxc4 33. axb4 axb4 34. Rf3 bxc3
35. bxc3 Rb8 36. h3 Rb2 37. Bf6 Ra4 38. Be5 Raa2 39. Rg3 Qb7 40. Qg5 Be7 41.
Qxe7 Rxg2+ 0-1

[Event "Titled Tue 3rd Jan Late"]
[Site "chess.com INT"]
[Date "2025.06.03"]
[Round "4"]
[White "Jumabayev, Rinat"]
[Black "Dubnevych, Maksym"]
[Result "1-0"]
[WhiteTitle "GM"]
[BlackTitle "FM"]
[WhiteElo "2551"]
[BlackElo "2292"]
[WhiteFideId "13702661"]
[BlackFideId "14184001"]
[EventDate "2025.06.03"]

1. d4 Nf6 2. c4 e6 3. Nf3 d5 4. g3 dxc4 5. Bg2 Nbd7 6. O-O c6 7. a4 a5 8. Na3
Bxa3 9. bxa3 O-O 10. Qc2 b5 11. Ng5 h6 12. Bxc6 Rb8 13. Nf3 bxa4 14. Qxc4 Nb6
15. Qd3 Bb7 16. Bxb7 Rxb7 17. Rb1 Qa8 18. e4 Rc8 19. Ne5 Nbd7 20. Rxb7 Qxb7 21.
Nxd7 Nxd7 22. Bf4 Qb3 23. Qa6 Qc4 24. Qb7 Nf6 25. Rc1 Qxc1+ 26. Bxc1 Rxc1+ 27.
Kg2 Rc3 28. d5 exd5 29. exd5 Rxa3 30. d6 Rd3 31. Qc8+ 1-0

[Event "Titled Tue 3rd Jan Late"]
[Site "chess.com INT"]
[Date "2025.06.03"]
[Round "4"]
[White "Garcia Hernandez, Rebeca"]
[Black "Gurevich, Dmitry"]
[Result "0-1"]
[WhiteTitle "WCM"]
[BlackTitle "GM"]
[WhiteElo "1903"]
[BlackElo "2347"]
[WhiteFideId "5180872"]
[BlackFideId "2000407"]
[EventDate "2025.06.03"]

1. Nf3 d5 2. g3 Nf6 3. Bg2 c6 4. O-O Bf5 5. b3 h6 6. Bb2 e6 7. c4 Be7 8. d4 O-O
9. Nc3 a5 10. Nd2 Bh7 11. e4 dxe4 12. Ndxe4 Nbd7 13. Qe2 Nxe4 14. Nxe4 Nf6 15.
Rad1 a4 16. Nxf6+ Bxf6 17. d5 exd5 18. cxd5 Re8 19. Qd2 axb3 20. Bxf6 Qxf6 21.
axb3 cxd5 22. Qxd5 Rab8 23. Rfe1 Bc2 24. Rc1 Rxe1+ 25. Rxe1 b6 26. Qc4 Bf5 27.
Qf4 Rd8 28. h4 g5 29. hxg5 hxg5 30. Qe5 Kg7 31. Qxf6+ Kxf6 32. Rc1 Rd6 33. Rc6
Rxc6 34. Bxc6 Ke5 35. Be8 Be6 36. b4 Kd4 37. Kf1 Kc4 38. b5 Kc5 39. f4 gxf4 40.
gxf4 f6 41. Kf2 Bc4 42. Kf3 Bxb5 43. Bf7 Bc4 44. Be8 Be6 45. Ke4 b5 0-1

[Event "Titled Tue 3rd Jan Late"]
[Site "chess.com INT"]
[Date "2025.06.03"]
[Round "4"]
[White "Bluebaum, Matthias"]
[Black "Kislinsky, Alexey"]
[Result "1-0"]
[WhiteTitle "GM"]
[BlackTitle "GM"]
[WhiteElo "2660"]
[BlackElo "2350"]
[WhiteFideId "24651516"]
[BlackFideId "14108801"]
[EventDate "2025.06.03"]

1. d4 d5 2. c4 dxc4 3. e4 Nf6 4. e5 Nd5 5. Bxc4 Nb6 6. Bd3 Nc6 7. Be3 Nb4 8. Be4
N4d5 9. Nc3 Be6 10. Nge2 c6 11. O-O g6 12. Qd2 Bg7 13. Bh6 O-O 14. Bxg7 Kxg7 15.
Rad1 Qd7 16. h4 h5 17. Qg5 Rad8 18. Ng3 Rh8 19. Nce2 Qe8 20. a3 f6 21. Qc1 Qf7
22. Bf3 Rd7 23. Ne4 Rdd8 24. Nc5 Bc8 25. Rfe1 fxe5 26. dxe5 Rhf8 27. Nd4 e6 28.
Ne4 Qe7 29. g3 Nd7 30. Ng5 N7b6 31. Be4 c5 32. Nb5 a6 33. Nd6 Rxd6 34. exd6 Qxd6
35. Qc2 Rf6 36. Bxd5 exd5 37. Ne4 Qc6 38. Nxf6 Kxf6 39. Qe2 Qd6 40. Qf3+ Bf5 41.
Re8 Kg7 42. Rde1 1-0

[Event "Titled Tue 3rd Jan Late"]
[Site "chess.com INT"]
[Date "2025.06.03"]
[Round "4"]
[White "Kravtsiv, Martyn"]
[Black "Ezat, Mohamed"]
[Result "0-1"]
[WhiteTitle "GM"]
[BlackTitle "IM"]
[WhiteElo "2598"]
[BlackElo "2296"]
[WhiteFideId "14113147"]
[BlackFideId "10600906"]
[EventDate "2025.06.03"]

1. e4 c6 2. d4 d5 3. e5 Bf5 4. h4 a6 5. Nc3 h6 6. g4 Bd7 7. Be3 e6 8. h5 c5 9.
dxc5 Qc7 10. Nf3 Bxc5 11. Bxc5 Qxc5 12. Qd4 b6 13. O-O-O Ne7 14. Rg1 Nbc6 15.
Qf4 b5 16. Bd3 Nb4 17. Kb1 Rc8 18. Nd4 Nec6 19. Nxc6 Rxc6 20. g5 Nxd3 21. cxd3
b4 22. Rc1 bxc3 23. Rxc3 Qb6 24. Rxc6 Bxc6 25. gxh6 gxh6 26. Qf6 Rf8 27. Rc1 Bd7
28. a3 Rg8 29. Qxh6 Qxf2 30. Rc3 Qe1+ 31. Ka2 Qxe5 32. Rb3 Bb5 33. Qd2 Qd4 34.
h6 Bc4 35. h7 Bxb3+ 0-1

[Event "Titled Tue 3rd Jan Late"]
[Site "chess.com INT"]
[Date "2025.06.03"]
[Round "4"]
[White "Aung Thant Zin"]
[Black "Vifleemskaia, Svetlana"]
[Result "0-1"]
[WhiteTitle "FM"]
[BlackTitle "WFM"]
[WhiteElo "2268"]
[BlackElo "1942"]
[WhiteFideId "13000063"]
[BlackFideId "4129490"]
[EventDate "2025.06.03"]

1. e4 e5 2. Nf3 Nc6 3. d4 exd4 4. Nxd4 Bb4+ 5. c3 Bc5 6. Be3 Bb6 7. Bc4 Nf6 8.
Nd2 d5 9. exd5 Nxd5 10. Bxd5 Qxd5 11. N2f3 O-O 12. Qb3 Qxb3 13. axb3 Nxd4 14.
Bxd4 Be6 15. b4 f6 16. O-O Bc4 17. Rfe1 Kf7 18. Bxb6 axb6 19. Nd4 c6 20. Nf5
Rxa1 21. Rxa1 Rd8 22. Ne3 b5 23. Ra7 Rd7 24. g3 Ke6 25. Kg2 Be2 26. g4 g6 27.
Kg3 h5 28. h3 hxg4 29. hxg4 Ke5 30. Ra8 Re7 31. Rb8 f5 32. gxf5 gxf5 33. f4+ Ke4
34. Kf2 Kxf4 35. Kxe2 Rxe3+ 36. Kd2 Re7 37. Kd3 Kf3 38. Kd4 f4 39. Kc5 Kf2 40.
Kd6 Rh7 41. Rf8 f3 42. b3 Ke2 43. c4 bxc4 0-1

[Event "Titled Tue 3rd Jan Late"]
[Site "chess.com INT"]
[Date "2025.06.03"]
[Round "4"]
[White "Rajaram, Rohan"]
[Black "Drozdowski, Kacper"]
[Result "0-1"]
[WhiteTitle "CM"]
[BlackTitle "IM"]
[WhiteElo "2164"]
[BlackElo "2450"]
[WhiteFideId "30940729"]
[BlackFideId "1136720"]
[EventDate "2025.06.03"]

1. c4 Nf6 2. Nc3 e6 3. d4 d5 4. cxd5 exd5 5. Bg5 c6 6. e3 Be7 7. Bd3 O-O 8. Nge2
Nh5 9. Bxe7 Qxe7 10. O-O Bg4 11. Qc2 Bxe2 12. Qxe2 Nf6 13. Qf3 Nbd7 14. Rfe1
Rfe8 15. Qe2 Qd6 16. f3 a5 17. a4 Re7 18. Qf2 Rae8 19. h3 Nh5 20. e4 dxe4 21.
fxe4 Nf4 22. Bc2 Qh6 23. Rf1 Ne6 24. d5 Nef8 25. Rad1 Ne5 26. Bb3 Qg5 27. Ne2
cxd5 28. Bxd5 Ne6 29. Ng3 g6 30. Ne2 Kg7 31. Nf4 Nxf4 32. Qxf4 Qxf4 33. Rxf4 Rc8
34. Rf2 Rc5 35. Rdf1 Rec7 36. g3 b6 37. b3 Rc1 38. Rxc1 Rxc1+ 39. Rf1 Rc3 40.
Kg2 h5 41. h4 f6 42. Rf2 Ng4 43. Rd2 Kf8 44. Bc4 Ke7 45. Rd3 Rc2+ 46. Kg1 Ne5
47. Rd5 Nxc4 48. bxc4 Rxc4 49. Rb5 Rb4 50. Rd5 Rxe4 51. Rb5 Rb4 52. Rd5 Rxa4 0-1

[Event "Titled Tue 3rd Jan Late"]
[Site "chess.com INT"]
[Date "2025.06.03"]
[Round "4"]
[White "Sadubayev, Airat"]
[Black "Schnaider, Ilan"]
[Result "1-0"]
[WhiteTitle "FM"]
[BlackTitle "IM"]
[WhiteElo "2211"]
[BlackElo "2388"]
[WhiteFideId "13713264"]
[BlackFideId "169013"]
[EventDate "2025.06.03"]

1. d4 Nf6 2. c4 a6 3. Nc3 d5 4. cxd5 Nxd5 5. e4 Nxc3 6. bxc3 g6 7. Nf3 Bg7 8.
Be2 O-O 9. O-O c5 10. Be3 cxd4 11. cxd4 Nc6 12. Rb1 b5 13. a4 bxa4 14. Qxa4 Bd7
15. Qa2 Bg4 16. d5 Ne5 17. Nxe5 Bxe2 18. Nc6 Qd6 19. Qxe2 e6 20. Rfd1 exd5 21.
exd5 Rfe8 22. Qc4 a5 23. Qc5 Qd7 24. Nxa5 Bf8 25. Qc3 Bg7 26. Qd2 h5 27. Nc6 h4
28. h3 Qf5 29. d6 Qd7 30. Ne7+ Kh7 31. Rb4 Bf6 32. Bg5 Bxg5 33. Qxg5 Kg7 34.
Rxh4 Rh8 35. Rxh8 Rxh8 36. Qe5+ f6 37. Qe4 Rh6 38. Qc6 Qd8 39. Qc7 Qh8 40. Nf5+
Kg8 41. Qd8+ Kh7 42. Qe7+ Kg8 43. Qe8+ Kh7 44. Qf7+ Qg7 45. Qxg7# 1-0

[Event "Titled Tue 3rd Jan Late"]
[Site "chess.com INT"]
[Date "2025.06.03"]
[Round "4"]
[White "Atanasov, Anthony"]
[Black "Przybylski, Bartosz"]
[Result "1-0"]
[WhiteTitle "IM"]
[BlackTitle "CM"]
[WhiteElo "2402"]
[BlackElo "2107"]
[WhiteFideId "2623897"]
[BlackFideId "21878323"]
[EventDate "2025.06.03"]

1. d4 c5 2. d5 e5 3. e4 d6 4. Ne2 Be7 5. a4 Bg5 6. Nd2 Nd7 7. Nc4 Be7 8. Nc3 a6
9. h4 Nf8 10. a5 Nf6 11. h5 h6 12. Be2 N8d7 13. Qd3 b5 14. axb6 Nxb6 15. Na5 Bd7
16. Nc6 Qc7 17. Nxe7 Kxe7 18. f4 Bb5 19. Nxb5 axb5 20. Rxa8 Rxa8 21. fxe5 dxe5
22. O-O c4 23. Qg3 Ne8 24. Be3 Nd7 25. b4 f6 26. Bg4 Ra2 27. Be6 Rxc2 28. Qg6
Kd8 29. Ra1 Nb6 30. Bc5 c3 31. Kh1 Rd2 32. Bxb6 Qxb6 33. Ra8+ Kc7 34. Qf7+ Kd6
35. Qd7# 1-0

[Event "Titled Tue 3rd Jan Late"]
[Site "chess.com INT"]
[Date "2025.06.03"]
[Round "4"]
[White "Kovacsy, Barnabas"]
[Black "Rajanish, Adhvaith"]
[Result "1-0"]
[WhiteTitle "FM"]
[WhiteElo "2252"]
[BlackElo "2084"]
[WhiteFideId "769290"]
[BlackFideId "30946719"]
[EventDate "2025.06.03"]

1. e4 c5 2. Nf3 Nc6 3. d4 cxd4 4. Nxd4 e5 5. Nb5 d6 6. N1c3 a6 7. Na3 Nf6 8. Bg5
Be6 9. Nc4 b5 10. Ne3 Be7 11. Bxf6 Bxf6 12. Be2 O-O 13. O-O Nd4 14. Ncd5 g6 15.
c3 Nxe2+ 16. Qxe2 Bg7 17. a4 Rb8 18. axb5 axb5 19. Rfd1 f5 20. exf5 gxf5 21. f4
exf4 22. Nxf4 Bb3 23. Rd2 b4 24. cxb4 Rxb4 25. Ned5 Re4 26. Qf3 Bxd5 27. Nxd5
Qg5 28. Rad1 Rfe8 29. Qg3 Qxg3 30. hxg3 Rb8 31. b4 Kf7 32. Kf2 Be5 33. Rh1 Kg7
34. Ne3 Bd4 35. Rxd4 Rxd4 36. Nxf5+ Kg6 37. Nxd4 Rxb4 38. Rd1 Rb2+ 39. Ne2 Rb6
40. Nf4+ Kf5 41. Rd5+ Ke4 42. Rd2 h5 43. Nxh5 d5 44. Nf4 d4 45. Re2+ Kf5 46. Kf3
Rb3+ 47. Kf2 Kg4 48. Rd2 1-0

[Event "Titled Tue 3rd Jan Late"]
[Site "chess.com INT"]
[Date "2025.06.03"]
[Round "4"]
[White "Deichmann, Esteban Horacio"]
[Black "Blackburn, Jonathan L B"]
[Result "0-1"]
[BlackTitle "FM"]
[WhiteElo "2085"]
[BlackElo "2200"]
[WhiteFideId "167410"]
[BlackFideId "1801090"]
[EventDate "2025.06.03"]

1. e4 e6 2. d4 d5 3. exd5 exd5 4. Qf3 Bd6 5. Bd3 Nc6 6. c3 h6 7. Ne2 Nf6 8. h3
Ne7 9. g4 Be6 10. Nf4 Qd7 11. Be3 O-O-O 12. Nd2 Nxg4 13. hxg4 Bxg4 14. Qg2 h5
15. Nxd5 Nf5 16. Nf4 Nxe3 17. fxe3 g5 18. Ne2 Rde8 19. e4 f5 20. O-O-O f4 21. e5
Bf8 22. Ne4 Be7 23. Ba6 Qa4 24. Bxb7+ Kb8 25. Bd5 f3 26. Qf2 fxe2 27. Rd2 Rhf8
28. Qe1 Qa5 29. Bb3 Qa6 30. c4 Bb4 31. Nc3 Bxc3 32. bxc3 Rf4 33. Rb2 Ref8 34. c5
Kc8 35. Kd2 Rf1 36. Qxe2 Qxe2# 0-1

[Event "Titled Tue 3rd Jan Late"]
[Site "chess.com INT"]
[Date "2025.06.03"]
[Round "4"]
[White "Ferrara, Enzo"]
[Black "Stankovic, Boris"]
[Result "1-0"]
[BlackTitle "FM"]
[WhiteElo "2138"]
[BlackElo "2298"]
[WhiteFideId "137731"]
[BlackFideId "985317"]
[EventDate "2025.06.03"]

1. d4 Nf6 2. c4 g6 3. Nc3 Bg7 4. e4 d6 5. f4 O-O 6. Nf3 c5 7. d5 e6 8. Be2 exd5
9. cxd5 Re8 10. e5 dxe5 11. fxe5 Ng4 12. e6 fxe6 13. d6 Bd7 14. O-O Nc6 15. Ne4
Rf8 16. Rb1 c4 17. Bxc4 Qb6+ 18. Kh1 Ne3 19. Bxe3 Qxe3 20. Re1 Qb6 21. Neg5 Nd8
22. b4 Re8 23. Ne4 Nf7 24. Nc5 Rad8 25. Qb3 Qxd6 26. Nxb7 Qf4 27. Nxd8 Nxd8 28.
Rbd1 Bc6 29. Bxe6+ Kh8 30. Bd5 Rf8 31. Qe3 Qb8 32. a3 Bxd5 33. Rxd5 Nf7 34. Rd7
Nh6 35. Qxa7 Qf4 36. Rxg7 Ng4 37. Rxh7+ Kg8 38. Qg7# 1-0

[Event "Titled Tue 3rd Jan Late"]
[Site "chess.com INT"]
[Date "2025.06.03"]
[Round "4"]
[White "Vasquez Schroeder, Rodrigo"]
[Black "Morris-Suzuki, Alan H"]
[Result "1-0"]
[WhiteTitle "GM"]
[WhiteElo "2446"]
[BlackElo "1986"]
[WhiteFideId "3400042"]
[BlackFideId "30933218"]
[EventDate "2025.06.03"]

1. e4 g6 2. d4 Bg7 3. Nf3 d6 4. Bc4 a6 5. O-O Nf6 6. e5 dxe5 7. Nxe5 O-O 8. c3
c5 9. Qb3 e6 10. dxc5 Qc7 11. Nd3 Nc6 12. Qa3 Rd8 13. Bf4 e5 14. Bg5 Bf5 15. Nb4
e4 16. Bxf6 Bxf6 17. Nd5 Rxd5 18. Bxd5 Ne5 19. Nd2 Ng4 20. g3 Rd8 21. c4 Bd4 22.
Rae1 Re8 23. Nxe4 Kg7 24. b4 h5 25. Kg2 h4 26. h3 Ne5 27. Nd6 Rh8 28. g4 Be6 29.
Bxe6 fxe6 30. f4 Qc6+ 31. Kh2 Rf8 32. fxe5 Bxe5+ 33. Rxe5 Rxf1 34. Re4 Kh7 35.
Qe3 Qa4 36. Qb3 Qd7 37. Qd3 Qg7 38. Qxf1 1-0

[Event "Titled Tue 3rd Jan Late"]
[Site "chess.com INT"]
[Date "2025.06.03"]
[Round "4"]
[White "Dogan, Umut Anil"]
[Black "Volkov, Maksim"]
[Result "1-0"]
[WhiteTitle "CM"]
[BlackTitle "FM"]
[WhiteElo "2123"]
[BlackElo "2370"]
[WhiteFideId "51618060"]
[BlackFideId "54123070"]
[EventDate "2025.06.03"]

1. d4 Nf6 2. Nf3 e6 3. g3 b6 4. Bg2 Bb7 5. O-O Be7 6. c4 O-O 7. Re1 d5 8. cxd5
exd5 9. Nc3 Nbd7 10. Bf4 a6 11. Rc1 Rc8 12. Ne5 c6 13. h4 Re8 14. Bh3 Ra8 15.
Qd3 Bf8 16. Na4 Nxe5 17. Bxe5 Ne4 18. Bf5 c5 19. f3 cxd4 20. Bf4 Nc5 21. Qxd4
Nxa4 22. Qxa4 Qf6 23. Qc2 g6 24. Bd3 Rac8 25. Qd2 Qd4+ 26. Kg2 Bb4 27. Rxc8 Rxc8
28. Qd1 Bxe1 29. Qxe1 Qxb2 30. h5 Qc3 31. Qh1 Re8 32. Qh4 Bc8 33. hxg6 fxg6 34.
Bg5 Bf5 35. Bf6 Qc6 36. Bxf5 Rxe2+ 37. Kh3 1-0

[Event "Titled Tue 3rd Jan Late"]
[Site "chess.com INT"]
[Date "2025.06.03"]
[Round "4"]
[White "Buchenau, Frank"]
[Black "Bouchet, Sebastien"]
[Result "0-1"]
[WhiteTitle "FM"]
[BlackTitle "CM"]
[WhiteElo "2190"]
[BlackElo "2180"]
[WhiteFideId "4604350"]
[BlackFideId "623571"]
[EventDate "2025.06.03"]

1. e4 c5 2. g3 d5 3. exd5 Qxd5 4. Nf3 Nf6 5. Bg2 Nc6 6. O-O g6 7. Nc3 Qd8 8. d4
cxd4 9. Nb5 Bg7 10. Nfxd4 Nxd4 11. Qxd4 Qxd4 12. Nxd4 O-O 13. Re1 e6 14. Nb5 Bd7
15. Nd6 Bc6 16. Nxb7 Bxg2 17. Kxg2 Nd5 18. c3 Nb6 19. Na5 Na4 20. Re2 Rab8 21.
Nb3 Rfd8 22. Be3 a6 23. Rb1 Nb6 24. Bxb6 Rxb6 25. Rd2 Rdb8 26. Rbd1 Bf6 27. Rd6
a5 28. Rxb6 Rxb6 29. Rd2 a4 30. Nd4 Kf8 31. Kf3 Ke7 32. Ke4 h5 33. h4 Bg7 34. c4
f5+ 35. Ke3 e5 36. Nb5 e4 37. b3 Bh6+ 38. f4 exf3+ 39. Kd3 Bxd2 40. Kxd2 Re6 41.
Nd4 f2 42. Nxe6 f1=Q 0-1

[Event "Titled Tue 3rd Jan Late"]
[Site "chess.com INT"]
[Date "2025.06.03"]
[Round "4"]
[White "Xiong, Jeffery"]
[Black "Sanal, Vahap"]
[Result "1-0"]
[WhiteTitle "GM"]
[BlackTitle "GM"]
[WhiteElo "2636"]
[BlackElo "2555"]
[WhiteFideId "2047640"]
[BlackFideId "6300545"]
[EventDate "2025.06.03"]

1. c4 c6 2. Nf3 d5 3. d4 Nf6 4. cxd5 cxd5 5. Nc3 Nc6 6. Bf4 Bf5 7. Qb3 Na5 8.
Qa4+ Bd7 9. Qc2 e6 10. e3 Rc8 11. Bd3 Bb4 12. O-O O-O 13. Ne5 h6 14. h3 b5 15.
Qe2 Bxc3 16. bxc3 Rxc3 17. Nxd7 Nxd7 18. Bd6 Re8 19. Bxb5 Rc8 20. Rfc1 Nc4 21.
Bxc4 dxc4 22. Rxc4 Qb6 23. Bc5 Nxc5 24. Qc2 Qa6 25. Rc1 Rb8 26. Rxc5 Qa3 27. Rc3
Qa5 28. Rc7 Qa3 29. Qe2 Re7 30. Rc8+ Re8 31. Rxe8+ Rxe8 32. Rc7 Rb8 33. Qf3 Rb1+
34. Kh2 Qd6+ 35. Qg3 Qxg3+ 36. Kxg3 a5 37. Rc5 a4 38. Rc4 a3 39. Ra4 g5 40. Rxa3
Kg7 41. Ra8 Ra1 42. a4 h5 43. a5 Ra2 44. a6 f5 45. a7 h4+ 46. Kh2 Ra3 47. f3 Ra2
48. e4 f4 49. d5 exd5 50. exd5 g4 51. hxg4 1-0

[Event "Titled Tue 3rd Jan Late"]
[Site "chess.com INT"]
[Date "2025.06.03"]
[Round "4"]
[White "Petrenko, Maryna"]
[Black "Reprintsev, Alexander"]
[Result "0-1"]
[WhiteTitle "WFM"]
[BlackTitle "IM"]
[WhiteElo "2116"]
[BlackElo "2256"]
[WhiteFideId "14197820"]
[BlackFideId "14100541"]
[EventDate "2025.06.03"]

1. d4 d5 2. Nf3 Bf5 3. c4 e6 4. cxd5 exd5 5. Nc3 c6 6. Qb3 Qb6 7. Bf4 Nd7 8. e3
Ngf6 9. Ne5 Qxb3 10. axb3 Nh5 11. Bg3 Nxg3 12. hxg3 Nxe5 13. dxe5 Bc2 14. e4
dxe4 15. Bc4 b5 16. Be2 Bxb3 17. Nxe4 Bb4+ 18. Kf1 O-O 19. Bd3 h6 20. Ke2 a5 21.
g4 Rfe8 22. g5 Rxe5 23. f4 Re6 24. Kf3 Bd5 25. gxh6 f5 26. hxg7 fxe4+ 27. Kg4
Rg6+ 28. Kf5 Rxg7 29. Be2 Bd6 30. Rh6 Rf8+ 31. Rf6 Rxf6+ 32. Kxf6 Rxg2 33. Bh5
Bxf4 34. Rxa5 Bg5+ 35. Ke5 Kg7 36. Ra7+ Kh6 37. Be8 Bc1 38. Kf6 Bxb2+ 39. Kf5
Rg5+ 40. Kf4 Be5+ 41. Ke3 Rg3+ 42. Ke2 Bc4+ 43. Kd2 e3+ 44. Ke1 Rg1# 0-1

[Event "Titled Tue 3rd Jan Late"]
[Site "chess.com INT"]
[Date "2025.06.03"]
[Round "4"]
[White "Pullela, Sricharan"]
[Black "Do Carmo, Gabriel Carckeno"]
[Result "0-1"]
[WhiteElo "2144"]
[BlackElo "2021"]
[WhiteFideId "30951089"]
[BlackFideId "22783024"]
[EventDate "2025.06.03"]

1. Nf3 Nf6 2. g3 d5 3. Bg2 e6 4. O-O Be7 5. d3 O-O 6. b3 c5 7. Bb2 Nc6 8. Nbd2
Qc7 9. a3 b5 10. e4 Bb7 11. e5 Nd7 12. Re1 a5 13. Nf1 Rfc8 14. h4 a4 15. h5 h6
16. N1h2 Bf8 17. Ng4 Nd4 18. Bc1 b4 19. axb4 Nxf3+ 20. Qxf3 cxb4 21. Rxa4 Rxa4
22. bxa4 Qxc2 23. Bf4 b3 24. Ne3 Qxd3 25. Qg4 b2 26. Bf1 Qh7 27. Qd1 Rc1 28.
Qxc1 bxc1=Q 29. Rxc1 Nc5 30. a5 Nd3 31. Rc7 Ba6 32. Bh3 Qe4 33. Ra7 Nxf4 34.
gxf4 Be2 35. a6 Bf3 36. Ra8 d4 37. Ra7 dxe3 38. Kh2 exf2 39. Rc7 Qxf4# 0-1